000 00489cam a22001217a 4500
008 180718b1984 xxu||||| |||| 00| 0 eng d
082 _aA81x54 In2/81/18/Pt 13 A & B
100 _aCensus of India 1981
245 _aSikkim district census handbook, North, East, South & West: village and town directory, village and townwise primary census abstract
260 _aGangtok
_bGovernment of Sikkim
_c1984
300 _a247+p.
440 _aCensus of India 1981. Series-19, Sikkim. Parts XIII A & B
999 _c483276
_d483276